书目信息 |
| 题名: |
小麦病虫害防治与诊断彩色图谱
|
|
| 作者: | 张翠梅 , 张秋红 , 张亚琴 主编 | |
| 分册: | ||
| 出版信息: | 北京 中国农业科学技术出版社 2018.11 |
|
| 页数: | 184页 | |
| 开本: | 21cm | |
| 丛书名: | ||
| 单 册: | ||
| 中图分类: | S435.12-64 | |
| 科图分类: | ||
| 主题词: | 小麦--xiao mai--病虫害防治--图谱 | |
| 电子资源: | ||
| ISBN: | 978-7-5116-3536-5 | |
| 000 | 01046nam0 2200253 450 | |
| 001 | 0106081804 | |
| 005 | 20201106082043.0 | |
| 010 | @a978-7-5116-3536-5@dCNY49.60 | |
| 100 | @a20190226e20192018em y0chiy50 ea | |
| 101 | 0 | @achi |
| 102 | @aCN@b110000 | |
| 105 | @aa z 000yy | |
| 106 | @ar | |
| 200 | 1 | @a小麦病虫害防治与诊断彩色图谱@Axiao mai bing chong hai fang zhi yu zhen duan cai se tu pu@f张翠梅, 张秋红, 张亚琴主编 |
| 210 | @a北京@c中国农业科学技术出版社@d2018.11@h2019.01 | |
| 215 | @a184页@d21cm | |
| 330 | @a本书主要编写了小麦整个生育期中主要病虫草害的识别和防治、小麦抽穗—扬花期如何开展“一喷三防”、自然灾害的预防、农药安全使用及新型生物农药实用技术推广等内容,紧密结合小麦生产过程中有害生物发生实际,结合省内外小麦生产先进实用技术和经验进行编写。 | |
| 606 | 0 | @a小麦@Axiao mai@x病虫害防治@j图谱 |
| 690 | @aS435.12-64@v5 | |
| 701 | 0 | @a张翠梅@Azhang cui mei@4主编 |
| 701 | 0 | @a张秋红@Azhang qiu hong@4主编 |
| 701 | 0 | @a张亚琴@Azhang ya qin@4主编 |
| 801 | 0 | @aCN@bBJSZM@c20201106 |
| 905 | @b1191492-5@dS435.12-64@e177@f4 | |
| 小麦病虫害防治与诊断彩色图谱/张翠梅, 张秋红, 张亚琴主编.-北京:中国农业科学技术出版社,2018.11(2019.01) |
| 184页;21cm |
| ISBN 978-7-5116-3536-5:CNY49.60 |
| 本书主要编写了小麦整个生育期中主要病虫草害的识别和防治、小麦抽穗—扬花期如何开展“一喷三防”、自然灾害的预防、农药安全使用及新型生物农药实用技术推广等内容,紧密结合小麦生产过程中有害生物发生实际,结合省内外小麦生产先进实用技术和经验进行编写。 |
| ● |
| 相关链接 |
|
|
|
|
正题名:小麦病虫害防治与诊断彩色图谱
索取号:S435.12-64/177
 
预约/预借
| 序号 | 登录号 | 条形码 | 馆藏地/架位号 | 状态 | 备注 |
| 1 | 1191492 | 211914927 | 第二样本阅览室/ [索取号:S435.12-64/177] | 在馆 | |
| 2 | 1191493 | 211914936 | 第三借阅区/ [索取号:S435.12-64/177] | 在馆 | |
| 3 | 1191494 | 211914945 | 第三借阅区/ [索取号:S435.12-64/177] | 在馆 | |
| 4 | 1191495 | 211914954 | 第三借阅区/ [索取号:S435.12-64/177] | 在馆 |